Roller Coasters at Random Parks, Vol. 2 - Statistics

General Stats
  • This quiz has been taken 35 times
  • The average score is 52 of 73
Answer Stats
Park Manufacturer Coaster % Correct
Cedar Point PTC Blue Streak
93%
Cedar Point B&M GateKeeper
93%
Cedar Point Arrow Magnum XL-200
93%
Cedar Point Intamin Maverick
93%
Cedar Point B&M Raptor
93%
Cedar Point RMC Steel Vengeance
93%
Six Flags Great Adventure Intamin Kingda Ka
89%
Cedar Point Intamin Millennium Force
89%
Cedar Point Intamin / ??? New for 2024
89%
Cedar Point B&M Rougarou
89%
Holiday World Gravity Group The Voyage
89%
Fun Spot Atlanta RMC ArieForce One
85%
Cedar Point Arrow Cedar Creek Mine Ride
85%
Cedar Point Arrow Corkscrew
85%
Carowinds B&M Fury 325
85%
Cedar Point Arrow Gemini
85%
Cedar Point Arrow Iron Dragon
85%
Six Flags Magic Mountain B&M Batman: The Ride
81%
Six Flags Great Adventure B&M Batman: The Ride
81%
Six Flags Magic Mountain RMC Twisted Colossus
81%
Six Flags Magic Mountain Premier West Coast Racers
81%
Six Flags Magic Mountain RMC Wonder Woman: Flight of Courage
81%
Carowinds Mack Copperhead Strike
78%
Six Flags Great Adventure Intamin El Toro
78%
Six Flags Magic Mountain Giovanola Goliath
78%
Six Flags Magic Mountain Schwarzkopf New Revolution
78%
Six Flags Magic Mountain Arrow Ninja
78%
Six Flags Great Adventure B&M Nitro
78%
Six Flags Magic Mountain Intamin Superman: Escape from Krypton
78%
Six Flags Great Adventure B&M Superman: Ultimate Flight
78%
Six Flags Magic Mountain B&M Tatsu
78%
Cedar Point B&M Valravn
78%
Cedar Point Zamperla Wild Mouse
78%
Cedar Point Vekoma Woodstock Express
78%
Carowinds PTC Woodstock Express
78%
Six Flags Magic Mountain Premier Full Throttle
74%
Six Flags Great Adventure RMC Jersey Devil Coaster
74%
Holiday World B&M Thunderbird
74%
Six Flags Magic Mountain Arrow Viper
74%
Carowinds B&M Afterburn
70%
Carowinds B&M Intimidator
70%
Six Flags Great Adventure B&M Medusa
70%
Holiday World CCI Raven
70%
Six Flags Magic Mountain B&M Riddler’s Revenge
70%
Six Flags Magic Mountain B&M Scream!
70%
Holiday World CCI The Legend
70%
Cedar Point Intamin Wilderness Run
70%
Carowinds E&F Miler Wilderness Run
70%
Six Flags Magic Mountain Arrow X2
70%
Six Flags Great Adventure B&M Green Lantern
67%
Carowinds IC Hurler
67%
Six Flags Great Adventure S&S Joker
67%
Six Flags Magic Mountain GCI Apocalypse: The Ride
63%
Carowinds Arrow Carolina Cyclone
63%
Carowinds Arrow Carolina Gold Rusher
63%
Carowinds Vekoma Nighthawk
63%
Carowinds B&M Vortex
63%
Six Flags Great Adventure Arrow Runaway Mine Train
56%
Six Flags Great Adventure Intamin Skull Mountain
56%
Holiday World Zamperla Howler
52%
Six Flags Great Adventure Mack Dark Knight
48%
Six Flags Magic Mountain Arrow Gold Rusher
48%
Six Flags Great Adventure Zierer Harley Quinn Crazy Train
48%
Carowinds Vekoma Kiddy Hawk
48%
Carowinds Vekoma The Flying Cobras
48%
Fun Spot Atlanta E&F Miler Hurricane
44%
Six Flags Magic Mountain Bradley & Kaye Magic Flyer
44%
Carowinds Mack Ricochet
44%
Six Flags Magic Mountain Zamperla Speedy Gonzales Hot Rod Racers
41%
Six Flags Magic Mountain E&F Miler Canyon Blaster
37%
Six Flags Magic Mountain Vekoma Road Runner Express
37%
Six Flags Great Adventure Zamperla Lil’ Devil Coaster
33%
Fun Spot Atlanta E&F Miler Sea Serpent
33%
No matching quizzes found
Score Distribution
Percent of People with Each Score
Percentile by Number Answered
Your Score History
You have not taken this quiz